The Oxford handbook of the Russian economy / (Record no. 18931)
[ view plain ]
| 000 -LEADER | |
|---|---|
| fixed length control field | 03179cam a22003018i 4500 |
| 001 - CONTROL NUMBER | |
| control field | 17397126 |
| 005 - DATE AND TIME OF LATEST TRANSACTION | |
| control field | 20150122120424.0 |
| 008 - FIXED-LENGTH DATA ELEMENTS--GENERAL INFORMATION | |
| fixed length control field | 120719t2013 xxka frb f001 0 eng d |
| 010 ## - LIBRARY OF CONGRESS CONTROL NUMBER | |
| LC control number | 2012029229 |
| 020 ## - INTERNATIONAL STANDARD BOOK NUMBER | |
| International Standard Book Number | 9780199759927 (cloth : alkaline paper) |
| 040 ## - CATALOGING SOURCE | |
| Original cataloging agency | ICU/DLC |
| Language of cataloging | eng |
| Transcribing agency | ICU |
| Modifying agency | DLC |
| -- | EG-ScBUE |
| 043 ## - GEOGRAPHIC AREA CODE | |
| Geographic area code | e-ru--- |
| 082 00 - DEWEY DECIMAL CLASSIFICATION NUMBER | |
| Classification number | 330.947 |
| Edition number | 22 |
| Item number | OXF |
| 245 04 - TITLE STATEMENT | |
| Title | The Oxford handbook of the Russian economy / |
| Statement of responsibility, etc | edited by Michael Alexeev, Shlomo Weber. |
| 260 ## - PUBLICATION, DISTRIBUTION, ETC. (IMPRINT) | |
| Place of publication, distribution, etc | Oxford, United Kingdom ; |
| -- | New York, United States : |
| Name of publisher, distributor, etc | Oxford University Press, |
| Date of publication, distribution, etc | c.2013. |
| 300 ## - PHYSICAL DESCRIPTION | |
| Extent | xiv, 849 p. : |
| Other physical details | ill. ; |
| Dimensions | 26 cm. |
| 500 ## - GENERAL NOTE | |
| General note | Index : p. 827-849. |
| 504 ## - BIBLIOGRAPHY, ETC. NOTE | |
| Bibliography, etc | Includes bibliographical references. |
| 505 0# - FORMATTED CONTENTS NOTE | |
| Formatted contents note | A look at the past. Modernization and the Russian economy : three hundred years of catching up / Mau and Drobyshevskaya ; Command economy and its legacy / Ericson ; Russia's economic transition / Aslund ; Transformational recession / Popov ; Growth trends in Russia after 1998 / Entov and Lugovoy-Institutions and governance. Institutional performance / Polishchuk ; Corporate governance in Russia / Enikolopov and Stepanov ; The Russian tax system / Alexeev and Conrad ; The unofficial economy in Russia / Kim ; Russian corruption / Levin and Satarov-Resources and environment. Russia's dependence on resources / Gaddy and Ickes ; The Russian oil sector / Moe and Kryukov ; The natural gas sector / Moe and Kryukov ; Russian electricity market: variants of development / Vasin ; The economics of mineral resources / Fortescue ; The challenge of reforming environmental regulation in Russia / Golub, Kozeltsev, Martusevich and Strukova-Financial and real sectors. Economics of the military-industrial complex / Rosefielde ; Blame the switchman? Russian railways restructuring after ten years / Pittman ; Russian agriculture and transition / Lerman and Sedik ; Science, high tech industries and innovation / Makarov and Varshavsky ; Russian banking as an active volcano / Schoors and Yudaeva ; Financial and credit markets / Sutela ; Russian trade and foreign direct investment policy at the crossroads / Tarr and Volchkova-Regions. Economic geography of Russia / Markevich and Mikhailova ; Fiscal federalism: impact of political and fiscal (de)centralization / Alexeev and Weber ; Regional challenges: the case of Siberia / Thornton-Policy and social challenges. Labor market adjustment: is Russia different? / Gimpelson and Kapelushnikov ; Privatization / Brown, Earle, and Gelbach ; Higher education reform and access to college in Russia / Kaganovich ; Russia's healthcare system : difficult path of reform / Shishkin ; Poverty and inequality in Russia / Lokshin and Yemtsov ; Recent demographic developments in the Russian federation / Denisova and Shapiro. |
| 650 #0 - SUBJECT ADDED ENTRY--TOPICAL TERM | |
| Topical term or geographic name as entry element | Economic development |
| Geographic subdivision | Russia (Federation) |
| 9 (RLIN) | 37317 |
| 651 #0 - SUBJECT ADDED ENTRY--GEOGRAPHIC NAME | |
| Geographic name | Russia (Federation) |
| General subdivision | Economic conditions |
| Chronological subdivision | 1991- |
| 9 (RLIN) | 37318 |
| 651 #0 - SUBJECT ADDED ENTRY--GEOGRAPHIC NAME | |
| Geographic name | Russia (Federation) |
| General subdivision | Economic policy |
| Chronological subdivision | 1991- |
| 9 (RLIN) | 37319 |
| 653 ## - INDEX TERM--UNCONTROLLED | |
| Resource For college | BAEPS, Economics |
| Arrived date list | January2015 |
| 655 ## - INDEX TERM--GENRE/FORM | |
| Form subdivision | |
| -- | 34232 |
| 700 1# - ADDED ENTRY--PERSONAL NAME | |
| Personal name | Alexeev, Michael V., |
| Dates associated with a name | 1953- |
| Relator term | editor. |
| 9 (RLIN) | 37320 |
| 700 1# - ADDED ENTRY--PERSONAL NAME | |
| Personal name | Weber, Shlomo |
| Relator term | editor. |
| 9 (RLIN) | 37321 |
| 942 ## - ADDED ENTRY ELEMENTS (KOHA) | |
| Source of classification or shelving scheme | Dewey Decimal Classification |
| Call number prefix | 330.947 OXF |
| Withdrawn status | Item status | Source of classification or shelving scheme | Damaged status | Not for loan | Vendor | Home library | Current library | Shelving location | Date acquired | Source of acquisition | Cost, normal purchase price | Serial Enumeration / chronology | Total Checkouts | Full call number | Barcode | Date last seen | Cost, replacement price | Koha item type |
|---|---|---|---|---|---|---|---|---|---|---|---|---|---|---|---|---|---|---|
| Dewey Decimal Classification | Baccah | Central Library | Central Library | First floor | 22/01/2015 | 702.00 | 21291 | 330.947 OXF | 000037355 | 15/07/2025 | 878.00 | Book - Borrowing |